Implementing Software for Non-Numeric Applications /
Salvato in:
| Autore principale: | |
|---|---|
| Natura: | Libro |
| Lingua: | inglese |
| Pubblicazione: |
New Jersey:
Prentice-Hall,
1973
|
| Edizione: | 1. vyd. |
| Tags: |
Nessun Tag, puoi essere il primo ad aggiungerne!!
|
MARC
| LEADER | 00000nam a22000003a 4500 | ||
|---|---|---|---|
| 001 | 0019656 | ||
| 003 | SK-STU | ||
| 005 | 20161209120224.7 | ||
| 007 | ta | ||
| 008 | 161209s ----xo-----e------000-0-----d | ||
| 020 | |a 0-13-451898-5 | ||
| 040 | |a STU |b slo | ||
| 041 | 0 | |a eng |h eng | |
| 044 | |a xxu | ||
| 100 | 1 | |a Waite, William |4 aut | |
| 245 | 1 | 0 | |a Implementing Software for Non-Numeric Applications / |c aut. William Waite |
| 250 | |a 1. vyd. | ||
| 260 | |a New Jersey: |b Prentice-Hall, |c 1973 | ||
| 300 | |a 510 s. | ||
| 996 | |c I*16TJ1702 |l II680 |s A |a 24 |w 0019656_0001 | ||